Teaching acid base reactions using the bronsted-lowry model /
Saved in:
| 主要作者: | |
|---|---|
| 格式: | Thesis 圖書 |
| 語言: | English |
| 主題: | |
| 標簽: |
添加標簽
沒有標簽, 成為第一個標記此記錄!
|
| LEADER | 01084cam a2200277 i 4500 | ||
|---|---|---|---|
| 001 | u1028526 | ||
| 003 | SIRSI | ||
| 005 | 201602221107 | ||
| 008 | 160222s2010 my a m 000 0 eng m | ||
| 040 | |a UMD |e rda | ||
| 090 | |a LB7 |b B3 UM 2010 Nel | ||
| 100 | 0 | |a Nelson Cyril, |e author. | |
| 245 | 1 | 0 | |a Teaching acid base reactions using the bronsted-lowry model / |c Nelson a/l Cyril. |
| 264 | 1 | |c 2010. | |
| 264 | 4 | |c 2010. | |
| 300 | |a xi, 102 leaves : |b illustrations, ; |c 30 cm. | ||
| 336 | |a text |2 rdacontent | ||
| 337 | |a unmediated |2 rdamedia | ||
| 338 | |a volume |2 rdacarrier | ||
| 502 | |b M.Ed.Sc. |c Jabatan Pendidikan Matematik dan Sains, Fakulti Pendidikan Universiti Malaya |d 2010. | ||
| 504 | |a Bibliography: leaves 96-102. | ||
| 650 | 0 | |a Science |x Education effectiveness |x Study and teaching. | |
| 710 | |a Universiti Malaya. |b Jabatan Pendidikan Matematik dan Sains, |e degree granting institution. | ||
| 901 | |a 1 copy In Process | ||
| 596 | |a 8 | ||
| 999 | |a LB7 B3 UM 2010 NEL |w LC |c 1 |i A516808425 |d 24/11/2021 |e 24/11/2021 |f 13/9/2018 |g 1 |l STACKS |m P08PENDIDI |n 1 |q 1 |r Y |s Y |t TESIS |u 13/9/2018 |1 AHSS | ||
